000 00773nam a2200265 i 4500
001 C2-0085822
003 PPAK
005 20180727090700.0
008 970430s1992 my |||| ||||| | may d
020 _a9838390909
040 _aPPAK
_beng
_cPPAK
_erda
082 0 4 _a346.0482
_223
090 0 0 _a346.0482
_bROH
_dG
090 0 0 _a346.0482
_bROH
_dKK
100 0 _aRohazar Wati Zuallcobley,
_eauthor
245 1 0 _aMengenali undang-undang hakcipta di Malaysia
250 _aMohd Zawawi Awang Nik
264 1 _aKuala Lumpur :
_bPustaka Pertiwi ,
_c1992
300 _axiv, 137 pages ;
_c21 cm
336 _2rdacontent
_atext
337 _2rdamedia
_aunmediated
338 _2rdacarrier
_avolume
650 1 0 _aCopyright - Malaysia - Law and legislation.
942 _ddc
_cB
999 _c17319
_d17319